00901nam a22002297a 450000500170000001000150001702000260003203500140005803700090007208200220008110000290010324501540013225000170028626000460030327000650034930000190041470000220043370000250045594200220048099900190050295201500052120250214153126.0 aENG-143812 c985.00a9788179309209 aEN-127344 bDBAD a000215 (Revised) aRajaram, Kalpana 977598 aSpectrums Handbook For Gs 2 General Studies Paper 2 For Upsc Civil Services Preliminary Examination/cBy Kalpana Rajaram; C Rashmi [and] Usha Govind  a15 (Revised) aNew DelhibSpectrum Books Pvt. Ltd.c2025 bNew DelhiaA1 291, First Floor, Janakpuri, New Delhie110058 avpp.c28cm(pb) aRashmi, C 977599 aGovind, Usha 977600 2ddccENh000mRAJ c209056d209056 001040708NFICaLbLd2025-02-14eDelivery of Books Act Divisiong985.00l0o000 RAJpEN-127344r2025-02-14 00:00:00t1v985.00w2025-02-14yEN